| 000 | 00895cam a22002895i 4500 | ||
|---|---|---|---|
| 001 | 18345861 | ||
| 005 | 20241119101539.0 | ||
| 008 | 141023s2014 mau 000 0 eng | ||
| 010 | _a 2014955045 | ||
| 020 | _a9780081001615 (pbk.) | ||
| 020 | _a0081001614 (pbk.) | ||
| 040 |
_aDLC _beng _erda _cDLC |
||
| 042 | _apcc | ||
| 082 |
_223 _a025 |
||
| 100 | 1 |
_aLazarinis, Fortis. _95370 |
|
| 245 | 1 | 0 |
_aCataloguing and classification : _ban introduction to aacr2, rca, ddc, lcc, lcsh and marc 21 standards / _cFortis Lazarinis. |
| 263 | _a1412 | ||
| 264 | 1 |
_aWaltham, MA : _bElsevier, _c2014. |
|
| 300 | _apages cm | ||
| 336 |
_atext _btxt _2rdacontent |
||
| 337 |
_aunmediated _bn _2rdamedia |
||
| 338 |
_avolume _bnc _2rdacarrier |
||
| 490 | 0 | _aChandos information professional series | |
| 906 |
_a0 _bibc _corignew _d2 _eepcn _f20 _gy-gencatlg |
||
| 942 |
_2ddc _cBK |
||
| 999 |
_c6615 _d6615 |
||